|
|
|
|
| LEADER |
00000nam a2200000 a 4500 |
| 001 |
vtls001478542 |
| 003 |
SK-MaSNL |
| 005 |
20260301142156.0 |
| 008 |
160628s2004 xo 0 und |
| 035 |
|
|
|a SNK000433842
|
| 040 |
|
|
|a SNK
|b slo
|c SNK
|e AACR2
|
| 044 |
|
|
|a xo
|c SK
|
| 245 |
1 |
|
|a STN EN 573-3 Hliník a zliatiny hliníka
|b chemické zloženie a druhy tvárnených výrobkov
|n časť 3:
|p chemické zloženie
|
| 260 |
|
|
|a Bratislava
|b Slovenský ústav technickej normalizácie
|c 2004
|
| 500 |
|
|
|a táto norma nahrádza anglickú verziu STN EN 573-3 z marca 2004, ktorá od 1.3.2004 nahradila STN EN 573-3 z januára 2002 v celom rozsahu
|
| 500 |
|
|
|a Norma je nahradená normou STN EN 573-3 z apríla 2008 v celom rozsahu
|
| 655 |
|
7 |
|a normy
|2 SNK
|9 70643
|
| 774 |
1 |
8 |
|t STN EN 573-3: 2008$d Bratislava: Slovenský ústav technickej normalizácie, 2008 $w vtls009298196
|
| 999 |
|
|
|c 769403
|d 771333
|
| 952 |
|
|
|t P66, <07>, [BOOK], {667}
|a SNK
|b SNK
|y PREZ
|7 0
|p 17A0437057
|o snkSTN EN 573-3 D1
|i snkN 2805/2004
|0 0
|1 0
|4 0
|d 2004-07-15
|l 0
|r 2005-01-02 00:00:00
|w 2026-02-24
|
| 952 |
|
|
|t P60, <03>, [BOOK], {603}
|a SNK
|b SNK
|y PREZ
|7 0
|p 17A0437058
|o snkSTN EN 573-3
|i snkN 2804/2004
|0 0
|1 0
|4 0
|d 2004-07-15
|l 0
|r 2005-01-02 00:00:00
|w 2026-02-24
|